=LDR 00000nam 2200000 4500 =001 INLIS000000000055866 =005 20200803082300 =035 ##$$a 0010-0820000007 =007 ta =008 200803###########################0###### =020 ##$$a 0-88767-029-6 =082 ##$$a 641.509 43 =084 ##$$a 641.509 43-Kri g =245 1#$$a German Cooking : $b Savory German Dishes Prepared in the traditional way /$c Arne Kriiger =300 ##$$a 72 halaman : $b Ilustrasi ; $c 28 Cm. =650 #4$$a Masakan German =700 #$$a Editor : Margaret Verner =520 ##$$a Index halaman 72 =264 ##$$a New York USA :$b Round the World Books Inc.,$c 1976 =336 ##$$a teks$2 rdacontent =337 ##$$a lain-lain$2 rdamedia =338 ##$$a lain-lain$2 rdacarrier =990 ##$$a 09410941